|
|
|
|
| LEADER |
00000nam2a2200000 4500 |
| 001 |
341004 |
| 005 |
20231102005311.0 |
| 035 |
|
|
|a (RuTPU)RU\TPU\book\368192
|
| 035 |
|
|
|a RU\TPU\book\360850
|
| 090 |
|
|
|a 341004
|
| 100 |
|
|
|a 20180517d2017 k y0rusy50 ca
|
| 101 |
0 |
|
|a rus
|a eng
|
| 102 |
|
|
|a RU
|
| 105 |
|
|
|a a z 001zy
|
| 200 |
0 |
|
|a № 2 (67)
|
| 210 |
|
|
|d 2017
|
| 215 |
|
|
|a 187 с.
|c ил.
|
| 320 |
|
|
|a Библиография в конце статей
|
| 461 |
|
1 |
|0 (RuTPU)RU\TPU\book\44599
|t Научный вестник НГТУ
|o [сборник статей]
|f Новосибирский государственный технический университет
|v № 2 (67)
|d 1998-2020
|
| 606 |
1 |
|
|a Технические системы
|x Автоматика
|2 stltpush
|3 (RuTPU)RU\TPU\subj\67451
|9 83244
|
| 610 |
1 |
|
|a автоматическое управление
|
| 610 |
1 |
|
|a идентификация
|
| 610 |
1 |
|
|a процессы
|
| 610 |
1 |
|
|a устройства
|
| 610 |
1 |
|
|a моделирование
|
| 610 |
1 |
|
|a информация
|
| 610 |
1 |
|
|a обработка
|
| 610 |
1 |
|
|a информационные технологии
|
| 610 |
1 |
|
|a энергетика
|
| 610 |
1 |
|
|a химическая технология
|
| 610 |
1 |
|
|a многоканальные линейные системы
|
| 610 |
1 |
|
|a структурные преобразования
|
| 610 |
1 |
|
|a оптико-электронные корреляторы
|
| 610 |
1 |
|
|a Россия
|
| 610 |
1 |
|
|a энергетическая безопасность
|
| 610 |
1 |
|
|a цифровая голография
|
| 610 |
1 |
|
|a абитуриенты
|
| 610 |
1 |
|
|a отбор
|
| 610 |
1 |
|
|a машинное обучение
|
| 610 |
1 |
|
|a методы
|
| 610 |
1 |
|
|a аэрокосмические изображения
|
| 610 |
1 |
|
|a индексация
|
| 610 |
1 |
|
|a распространение
|
| 610 |
1 |
|
|a геоинформационные системы
|
| 675 |
|
|
|a 681.51
|v 4
|
| 801 |
|
1 |
|a RU
|b 63413507
|c 20170831
|
| 801 |
|
2 |
|a RU
|b 63413507
|c 20231009
|g RCR
|
| 942 |
|
|
|c BK
|